#QCCMusic-Saxophone by Picture - Statistics

General Stats
  • This quiz has been taken 40 times
  • The average score is 7 of 10
Answer Stats
Picture Answer % Correct
Alto Saxophone
100%
Tenor Saxophone
91%
Bass Saxophone
89%
Soprano Saxophone
89%
Baritone Saxophone
83%
Contrabass Saxophone
77%
Sopranino Saxophone
69%
Subcontrabass Saxophone
49%
C Melody Saxophone
46%
Soprillo/Sopranissimo Saxophone
43%
No matching quizzes found
Score Distribution
Percent of People with Each Score
Percentile by Number Answered
Your Score History
You have not taken this quiz